| 000 | 00387nam a22001577a 4500 | ||
|---|---|---|---|
| 003 | CEME | ||
| 005 | 20210628204138.0 | ||
| 008 | 210107b xxu||||| |||| 00| 0 eng d | ||
| 040 | _c. | ||
| 082 | _a004.22 STA | ||
| 100 |
_aStallings, William _9220 |
||
| 245 | _aComputer organization and architecture | ||
| 260 | _bPEARSON EDUCATION | ||
| 650 |
_aDATA LOST _968546 |
||
| 942 |
_cBK _2ddc |
||
| 999 |
_c576375 _d576375 |
||